[Event "Dombai Open 2013"]
[Site "Dombai RUS"]
[Date "2013.10.26"]
[Round "9.3"]
[White "Savchenko,B"]
[Black "Lastin,A"]
[Result "0-1"]
[WhiteElo "2602"]
[BlackElo "2516"]

1.d4 Nf6 2.c4 e6 3.Nf3 b6 4.g3 Ba6 5.b3 Bb4+ 6.Bd2 Be7 7.Bg2 c6 8.Qc2 d5
9.Ne5 O-O 10.Bc3 Nfd7 11.Nxd7 Nxd7 12.Nd2 Rc8 13.O-O Nf6 14.Rfd1 c5 15.dxc5 Bxc5
16.Ne4 Nxe4 17.Bxe4 f5 18.Bf3 f4 19.Kg2 Qg5 20.Qb2 Bb7 21.h4 Qg6 22.Bd4 fxg3
23.fxg3 Rf5 24.Bxc5 bxc5 25.b4 cxb4 26.Qxb4 Ba8 27.Rac1 Rcf8 28.c5 e5 29.Kh2 Bc6
30.Rf1 h6 31.Qb3 Kh8 32.Bg2 Rf2 33.Kg1 Qf6 34.Kh2 d4 35.Rxf2 Qxf2 36.Rg1 Qxe2
37.Qe6 Be4 38.c6 Rf2 39.Qh3 Qc2  0-1

[Event "e2e4 Gatwick Nov Open"]
[Site "Crawley ENG"]
[Date "2013.11.03"]
[Round "4"]
[White "Dixit,Kumar"]
[Black "Tarhon,Brian"]
[Result "1/2-1/2"]
[WhiteElo "1917"]
[BlackElo "1925"]

1.d4 Nf6 2.Nf3 e6 3.c4 b6 4.g3 Ba6 5.b3 Bb4+ 6.Bd2 Be7 7.Bg2 d5 8.Ne5 O-O
9.Bc3 c6 10.O-O Nfd7 11.Nxd7 Nxd7 12.Nd2 Rc8 13.e4 dxe4 14.Nxe4 Nf6 15.Qc2 Qc7
16.Rad1 h6 17.Ba1 Rfd8 18.Rfe1 Rd7 19.Rd2 Rcd8 20.Red1 Bb7 21.Nc3 a6 22.Bb2 b5
23.c5 Ne8 24.b4 Bf6 25.Ne4 a5 26.a3 Ra8 27.f4 Be7 28.Bh3 Bc8 29.Bg2 Nf6 30.Nc3 axb4
31.axb4 Nd5 32.Nxd5 exd5 33.Re1 Bb7 34.Rde2 Bf8 35.Bc1 Re7 36.Kf2 Rae8 37.Rxe7 Rxe7
38.Rxe7 Bxe7 39.Qe2 Bf6 40.Qe8+ Kh7 41.Be3 Bc8 42.Bf3  1/2-1/2

[Event "Arab Clubs 2013"]
[Site "Monastir TUN"]
[Date "2013.11.07"]
[Round "5.1"]
[White "Mahmoud,Ab"]
[Black "Arab,A"]
[Result "1/2-1/2"]
[WhiteElo "2087"]
[BlackElo "2432"]

1.d4 Nf6 2.Nf3 e6 3.c4 b6 4.g3 Ba6 5.Qa4 c6 6.Nc3 b5 7.cxb5 cxb5 8.Nxb5 Qb6
9.e3 Bb7 10.Be2 Bc6 11.Qb3 Qb7 12.e4 a6 13.Nc3 Qxb3 14.axb3 Nxe4 15.O-O Bb4
16.Na4 Bb5 17.Bc4 Nc6 18.Nb6 Rb8 19.Bxb5 axb5 20.d5 Na5 21.Be3 Ke7 22.Ne5 Rb7
23.Rfd1 Nxb3 24.dxe6 Kxe6 25.Nd3 Bd2 26.Ra6 Bxe3 27.Nc4+ Bb6 28.Nf4+ Kf5
29.Rd5+ Kf6 30.Nxb6 d6 31.Rxb5 Nec5 32.Nbd5+ Ke5 33.Rxb7 Nxb7 34.Ra7 N3c5
35.Ne3 g5 36.Ne2 Rb8 37.b4 Nd3  1/2-1/2

[Event "Chennai GM Open 2013"]
[Site "Chennai IND"]
[Date "2013.11.18"]
[Round "5.7"]
[White "Laxman,R"]
[Black "Papin,V"]
[Result "1/2-1/2"]
[WhiteElo "2428"]
[BlackElo "2510"]

1.d4 Nf6 2.c4 e6 3.Nf3 b6 4.g3 Ba6 5.Nbd2 c5 6.Bg2 Nc6 7.dxc5 bxc5 8.Qa4 Qa5
9.Qc2 Bb7 10.O-O Be7 11.b3 Qc7 12.Bb2 h6 13.e4 e5 14.a3 O-O 15.Ne1 Rab8 16.Nd3 a5
17.Rfe1 Ba8 18.Rab1 Rfe8 19.Bc3 Bf8 20.h3 Qa7 21.Kh2 Qc7 22.Kg1 Qa7 23.Kh2 Qc7
24.Kg1 Qa7 25.Kh2 Qc7 26.Kg1 Qa7  1/2-1/2

[Event "4th Brno Open 2013"]
[Site "Brno CZE"]
[Date "2013.11.20"]
[Round "6.6"]
[White "Chudinovskikh,A"]
[Black "Blahynka,M"]
[Result "0-1"]
[WhiteElo "2334"]
[BlackElo "2188"]

1.d4 Nf6 2.Nf3 e6 3.c4 b6 4.g3 Ba6 5.b3 Bb7 6.Bg2 Bb4+ 7.Bd2 a5 8.O-O O-O
9.Nc3 d6 10.d5 e5 11.Nh4 Nbd7 12.e4 Nc5 13.Qc2 a4 14.Nf5 Qd7 15.Bg5 axb3
16.axb3 Rxa1 17.Rxa1 Bxc3 18.Bxf6 Bxa1 19.Qd1 Qxf5 20.exf5 gxf6 21.Qxa1 Nxb3
22.Qa7 Na5 23.c5 Ra8 24.Qxa8+ Bxa8 25.c6 b5 26.Kf1 Nc4 27.Ke2 Nb6 28.Kd3 Kf8
29.Kc3 Ke7 30.Kb4 Bxc6 31.dxc6 d5 32.Kxb5 Kd6 33.Bf3 Nc8 34.Bh5 Na7+ 35.Ka4 Nxc6
36.Bxf7 Nd4 37.g4 Nf3 38.Bg8 Nxh2 39.g5 fxg5 40.Bxh7 Ng4 41.f3 Nf6 42.Bg6 e4
43.fxe4 dxe4 44.Kb4 g4 45.Kc3 g3  0-1

[Event "XXVII Belgrade Trophy"]
[Site "Obrenovac SRB"]
[Date "2013.11.24"]
[Round "1.36"]
[White "Stanojevic,B"]
[Black "Marinkov,S"]
[Result "1-0"]
[WhiteElo "2291"]
[BlackElo "1906"]

1.d4 Nf6 2.c4 e6 3.Nf3 b6 4.g3 Ba6 5.Qa4 c5 6.Bg2 Bb7 7.dxc5 bxc5 8.O-O Be7
9.Nc3 O-O 10.Rd1 Qb6 11.Bf4 d6 12.Rab1 Na6 13.Qc2 Nb4 14.Qc1 Rfd8 15.a3 Nc6
16.b4 cxb4 17.axb4 Nxb4 18.Be3 Qa5 19.Qb2 Bxf3 20.Bxf3 Rab8 21.Ra1 Qf5 22.Bxa7 Nc6
23.Bxb8 Rxb8 24.Nb5 d5 25.Qb1 Qe5 26.cxd5 exd5 27.Qc2 Nb4 28.Qc7 Qxc7 29.Nxc7 d4
30.Ra8  1-0

[Event "29th Voivoda Cup"]
[Site "Legnica POL"]
[Date "2013.11.26"]
[Round "8"]
[White "Sieciechowicz,M"]
[Black "Pieniazek,Ar"]
[Result "1-0"]
[WhiteElo "2453"]
[BlackElo "2348"]

1.d4 Nf6 2.c4 e6 3.Nf3 b6 4.g3 Ba6 5.Qc2 Bb4+ 6.Nbd2 O-O 7.Bg2 d5 8.O-O c6
9.Rd1 Nbd7 10.Qa4 Bxd2 11.Qxa6 Bxc1 12.Raxc1 Qc8 13.Qa4 Qb7 14.Rc2 Rac8 15.Rdc1 c5
16.cxd5 exd5 17.dxc5 bxc5 18.Qf4 Rfe8 19.Rd1 Qa6 20.a3 Re4 21.Qd2 Rce8 22.e3 Qb6
23.Ne1 R4e5 24.Nd3 R5e7 25.Nf4 d4 26.exd4 cxd4 27.Qxd4 Re1+ 28.Bf1 Qa6 29.Rxe1 Rxe1
30.Qc4 Qd6 31.Rc1 Rxc1 32.Qxc1 g5 33.Nd3 h6 34.b4 Qd4 35.Qb2 Qb6 36.Qc3 Ne4
37.Qc8+ Nf8 38.Nc5 Nxc5 39.bxc5 Qa5 40.c6 Kg7 41.c7 Ne6 42.Qxe6  1-0

[Event "St Louis Classic GM 2013"]
[Site "Saint Louis USA"]
[Date "2013.11.26"]
[Round "6.3"]
[White "Sarkar,J"]
[Black "Yang,Dar"]
[Result "0-1"]
[WhiteElo "2432"]
[BlackElo "2482"]

1.d4 Nf6 2.c4 e6 3.Nf3 b6 4.g3 Ba6 5.Nbd2 Bb7 6.Bg2 c5 7.e4 d6 8.O-O cxd4
9.Nxd4 Nbd7 10.Re1 Qc8 11.a4 Be7 12.a5 bxa5 13.N2b3 O-O 14.Nxa5 Ne5 15.b3 Bd8
16.Nxb7 Qxb7 17.h3 Bb6 18.Be3 Rad8 19.f4 Qc8 20.Qe2 Ng6 21.Nb5 Bxe3+ 22.Qxe3 a6
23.Nxd6 Rxd6 24.e5 Rd7 25.exf6 gxf6 26.Qb6 Rd3 27.Be4 Rd2 28.Rxa6 f5 29.Ra8 Qd7
30.Rxf8+ Nxf8 31.Bf3 Qd3 32.Qe3 Qc2 33.Re2 Qb1+ 34.Re1 Qc2 35.Be2 Nd7 36.Bf1 Nf6
37.b4 Ne4 38.b5 Qb2 39.c5 Rc2 40.Re2 Rxe2 41.Bxe2 Nxc5 42.Qxc5 Qxe2 43.Qc8+ Kg7
44.Qc3+ Kg6 45.b6 Qd1+ 46.Kf2 Qh1 47.Qc7 Qd1 48.Ke3 f6 49.g4 Qb3+ 50.Kf2 Qb2+
51.Kg3 Qb3+ 52.Kh4 Qe3  0-1

[Event "XXVII Belgrade Trophy"]
[Site "Obrenovac SRB"]
[Date "2013.11.28"]
[Round "5.10"]
[White "Abramovic,B"]
[Black "Potpara,N"]
[Result "1-0"]
[WhiteElo "2426"]
[BlackElo "2239"]

1.d4 Nf6 2.c4 e6 3.Nf3 b6 4.g3 Ba6 5.b3 b5 6.cxb5 Bxb5 7.Bg2 Bb4+ 8.Bd2 a5
9.O-O Bc6 10.a3 Be7 11.Bg5 Qc8 12.Nc3 Qb7 13.Bxf6 Bxf6 14.e4 O-O 15.Qd3 Ra6
16.Rab1 d5 17.Ne5 Rd8 18.Nxc6 Qxc6 19.exd5 exd5 20.Rbc1 Qb6 21.Nxd5 Qxd4
22.Qxd4 Bxd4 23.Rxc7 Kf8 24.Rfc1 Rad6 25.R1c2 Be5 26.Rc8 Ke8 27.b4 axb4 28.axb4 Ra6
29.Bh3 Nd7 30.Nc7+ Bxc7 31.R8xc7 Rd6 32.b5 Nb6 33.Re2+ Kf8 34.Rc6 g6 35.Bg4 Kg7
36.h4 h5 37.Bf3 Rf6 38.Kg2 Rdd6 39.Ra2 Nd7 40.Raa6 Rd2 41.Rxf6 Nxf6 42.b6 Ng4
43.b7 Rxf2+ 44.Kg1 Rb2 45.Be4 f5 46.Bc6 Ne5 47.Bd5 Ng4 48.Ra1 Kf6 49.Re1 Ne5
50.Re2 Rb1+ 51.Kg2 Rb6 52.Re3 Rb2+ 53.Kf1 Rb1+ 54.Ke2 Rb2+ 55.Kd1 Rb4 56.Kc2 Rb6
57.Kc3 Nd7 58.Re8 Rd6 59.Kd4 Rb6 60.Kc4 Ne5+ 61.Kc5 Nd7+ 62.Kd4 Rb4+ 63.Kc3 Rb6
64.Kd4 Rb4+ 65.Ke3 Rb6 66.Rc8 Ke7 67.Kf4 Kd6 68.Bf3 Rb4+ 69.Kg5 Rb6 70.Kxg6 Ke5+
71.Kg5 Kd6 72.Kxh5 Rb5 73.Bc6  1-0

[Event "Saint Louis Thanksgiving Open 2013"]
[Site "Saint Louis USA"]
[Date "2013.11.30"]
[Round "3.6"]
[White "Losee,Micah"]
[Black "McLaughlin,James F"]
[Result "1-0"]
[WhiteElo "1791"]
[BlackElo "2050"]

1.d4 Nf6 2.c4 e6 3.Nf3 b6 4.g3 Ba6 5.b3 Bb4+ 6.Bd2 Be7 7.Bg2 c6 8.O-O d5
9.Bf4 Nbd7 10.Qc2 Rc8 11.Ne5 O-O 12.Nc3 Bb7 13.e4 c5 14.exd5 exd5 15.Rfd1 cxd4
16.Nb5 Nxe5 17.Bxe5 a6 18.Nxd4 b5 19.Nf5 bxc4 20.bxc4 Rxc4 21.Qxc4 Kh8  1-0

[Event "TCh-CZE Extraliga 2013-14"]
[Site "Poruba CZE"]
[Date "2013.12.01"]
[Round "4.5"]
[White "Polak,T"]
[Black "Caletka,R"]
[Result "1/2-1/2"]
[WhiteElo "2503"]
[BlackElo "2355"]

1.d4 Nf6 2.c4 e6 3.Nf3 b6 4.g3 Ba6 5.b3 Bb7 6.Bg2 Bb4+ 7.Bd2 Bxd2+ 8.Qxd2 O-O
9.Nc3 Ne4 10.Qc2 Nxc3 11.Ng5 Ne4 12.Bxe4 Bxe4 13.Qxe4 Qxg5 14.Qxa8 Nc6 15.Qb7 Nxd4
16.O-O Nxe2+ 17.Kg2 Qc5 18.Qe4 Nd4 19.b4 Qc6 20.Qxc6 Nxc6 21.Rfd1 d6 22.Rab1 Ne5
23.Rd4 Ra8 24.f4 Nd7 25.Rd3 a5 26.Ra3 a4 27.g4 Kf8 28.Rh3 Kg8 29.Ra3 Kf8
30.g5 Kg8 31.Kf2 f5 32.gxf6 Nxf6 33.Re1 Kf7 34.Kf3 Nd7 35.Rae3 Re8 36.Ra3 Ra8
37.Rae3 Re8 38.Ra3  1/2-1/2

[Event "Moscow Cup Final 2013"]
[Site "Moscow RUS"]
[Date "2013.12.03"]
[Round "4.5"]
[White "Stegariu,V"]
[Black "Karpov,Va"]
[Result "1/2-1/2"]
[WhiteElo "2263"]
[BlackElo "2359"]

1.d4 Nf6 2.c4 e6 3.Nf3 b6 4.g3 Ba6 5.Qa4 c6 6.Nc3 Be7 7.Bg2 O-O 8.Bf4 Qc8
9.O-O d5 10.cxd5 cxd5 11.Rfc1 Qd7 12.Qd1 Nc6 13.Ne5 Nxe5 14.dxe5 Nh5 15.Be3 Rad8
16.Bd4 f6 17.e3 fxe5 18.Bxe5 Nf6 19.Rc2 Bd6 20.Bxd6 Qxd6 21.Rd2 Bc8 22.Ne4 Nxe4
23.Bxe4 Qe7 24.Bg2 Bb7 25.Qb3 Rc8 26.Rad1 Rc7 27.Qa4 Bc6 28.Qb3 Bb7 29.Qa4 Bc6
30.Qb3 Bb7 31.Qd3 Rd8 32.h4 Kh8 33.Rc2 Rxc2 34.Qxc2 Rc8 35.Qd2 Qc5 36.a3 Kg8
37.Bh3 Rc6 38.Qd4 Qxd4 39.exd4 Kf7 40.Rd2 Rc1+ 41.Kg2 Ba6 42.Bg4 Kf6 43.f4 h6
44.Kf2  1/2-1/2

[Event "World Teams 2013"]
[Site "Antalya TUR"]
[Date "2013.12.05"]
[Round "9.4"]
[White "Can,E"]
[Black "Yu Yangyi"]
[Result "1/2-1/2"]
[WhiteElo "2519"]
[BlackElo "2668"]

1.d4 Nf6 2.c4 e6 3.Nf3 b6 4.g3 Ba6 5.Qb3 d5 6.cxd5 Qxd5 7.Qxd5 exd5 8.Bg2 Bb4+
9.Bd2 Bxd2+ 10.Nbxd2 c5 11.O-O O-O 12.dxc5 bxc5 13.Rfe1 Re8 14.e4 dxe4 15.Ng5 Nbd7
16.Ngxe4 Rab8 17.Nxf6+ Nxf6 18.Rxe8+ Nxe8 19.b3 Nd6 20.Rc1 Rc8 21.Bh3 f5
22.Bf1 Bxf1 23.Kxf1 Kf7 24.Nc4 Nxc4 25.Rxc4 Ke6 26.Ke2 a5 27.Ra4 Ra8 28.Kd3 Kd5
29.a3 Rb8 30.Kc3 Ra8 31.Rh4 h6 32.Rf4 g6 33.h4 h5 34.Ra4 Ra7 35.Kc2 Ra8 36.Kc3 Ra7
37.Kc2  1/2-1/2

[Event "63rd ch-HUN 2013"]
[Site "Gyula HUN"]
[Date "2013.12.05"]
[Round "3.5"]
[White "Gonda,L"]
[Black "Nagy,Ga1"]
[Result "1-0"]
[WhiteElo "2552"]
[BlackElo "2404"]

1.d4 Nf6 2.c4 e6 3.Nf3 b6 4.g3 Ba6 5.b3 Bb4+ 6.Bd2 Be7 7.Bg2 c6 8.O-O O-O
9.Qc2 d5 10.Rd1 Nbd7 11.a4 c5 12.a5 Rc8 13.axb6 Qxb6 14.Qa2 Bb7 15.Ba5 Qd6
16.dxc5 Qxc5 17.Ne1 Ne5 18.Nd3 Nxd3 19.exd3 Qd4 20.Bc3 Qb6 21.Nd2 a6 22.Nf3 Qa7
23.Qe2 Rfd8 24.Ne5 dxc4 25.bxc4 Bxg2 26.Kxg2 Bd6 27.Nf3 Nd7 28.Ra5 Nc5 29.d4 Nb7
30.Rh5 Bf8 31.d5 Nc5 32.Rd4 Qe7 33.Qc2 f5 34.Rdh4 h6 35.dxe6 Nd3 36.Qe2 Rc6
37.Nd4 Rxd4 38.Rxd4 Nc5 39.Rxf5 Rxe6 40.Qf3  1-0

[Event "IV JAHV McGregor 2013"]
[Site "Bogota COL"]
[Date "2013.12.06"]
[Round "5.1"]
[White "Bachmann,Ax"]
[Black "Romanov,E"]
[Result "1/2-1/2"]
[WhiteElo "2545"]
[BlackElo "2654"]

1.d4 Nf6 2.Nf3 e6 3.c4 b6 4.g3 Ba6 5.Qc2 Bb7 6.Bg2 c5 7.dxc5 Bxc5 8.O-O Qc8
9.Nc3 Be7 10.b3 d5 11.cxd5 Nxd5 12.Bb2 Nd7 13.Rac1 O-O 14.Qd2 Qe8 15.Nxd5 Bxd5
16.Rfd1 Nf6 17.Qd3 Rd8 18.Qa6 Ne4 19.Bd4 f6 20.Nd2 Nxg3 21.hxg3 Bxg2 22.Bxb6 Rd6
23.Kxg2 Qa8+ 24.Nf3 Rxb6 25.Qc4 Rd8 26.Qa4 Rxd1 27.Rxd1 a5 28.Kg1 Bf8 29.Qd7 Qc6
30.Qd8 a4 31.Rd7 axb3 32.axb3 e5 33.Qe8 Qe6 34.Qxe6+ Rxe6 35.Nd2 Rb6 36.Kf1 h5  1/2-1/2

[Event "6th Kolkata Open"]
[Site "Kolkata IND"]
[Date "2013.12.06"]
[Round "1.10"]
[White "Mozharov,M"]
[Black "Kumaran,B"]
[Result "1-0"]
[WhiteElo "2535"]
[BlackElo "2255"]

1.d4 Nf6 2.c4 e6 3.Nf3 b6 4.g3 Ba6 5.b3 Bb4+ 6.Bd2 Be7 7.Nc3 Bb7 8.Bg2 O-O
9.O-O d5 10.cxd5 exd5 11.Bc1 Ne4 12.Bb2 Nd7 13.Qc2 Ndf6 14.Ne5 Nxc3 15.Qxc3 Bd6
16.Rac1 Re8 17.e3 Nd7 18.Qc2 Nf8 19.Qf5 Bxe5 20.dxe5 Ne6 21.f4 Qd7 22.Qg4 c6
23.b4 a5 24.f5 Nf8 25.e6 Nxe6 26.fxe6 fxe6 27.b5 cxb5 28.Bh3 Re7 29.Bf6 Ree8
30.Be5 Rac8 31.Rxc8 Bxc8 32.Rc1 Re7 33.Qd4 Qb7 34.e4  1-0

[Event "TCh-CZE Vychod 2013-14"]
[Site "Czech Rep CZE"]
[Date "2013.12.08"]
[Round "4.5"]
[White "Jedlicka,A"]
[Black "Holeksa,Z"]
[Result "1-0"]
[WhiteElo "2199"]
[BlackElo "2181"]

1.d4 Nf6 2.c4 e6 3.Nf3 b6 4.g3 Ba6 5.b3 Bb4+ 6.Bd2 Be7 7.Nc3 d5 8.cxd5 exd5
9.Bg2 O-O 10.O-O c5 11.dxc5 bxc5 12.Ne5 Bb7 13.Rc1 Nbd7 14.Nxd7 Qxd7 15.Na4 Rac8
16.Bg5 Ne4 17.Bxe4 Bxg5 18.Rxc5 Rxc5 19.Nxc5 Qc6 20.Nxb7 dxe4 21.Na5 Qa6
22.Qd5 h6 23.e3 Rd8 24.Qc5 Rc8 25.Qf5 g6 26.Qd7 Rd8 27.Qa4 Rd2 28.Qe8+ Kg7
29.Nc4 Rxa2 30.Qxe4 Qb5 31.h4 Bf6 32.Nd6 Qe5 33.Qc6 Be7 34.Ne8+ Kf8 35.Qc8 Rd2
36.Nd6+ Kg7 37.Nc4 Rc2 38.Qb7 Qc5 39.Qe4 Rc3 40.Rb1 Bf6 41.Qb7 Qf5 42.e4 Qf3
43.Qxa7 Qxe4 44.Qxf7+ Kxf7 45.Nd6+ Ke6 46.Nxe4 Rc6 47.Nxf6 Kxf6 48.b4 Rb6
49.b5 Ke6 50.Kg2 Kd6 51.Kf3 Kc7 52.Rc1+ Kb7 53.Rc6  1-0

[Event "TCh-CZE Vychod 2013-14"]
[Site "Czech Rep CZE"]
[Date "2013.12.08"]
[Round "4.8"]
[White "Dvorak,A"]
[Black "Trhal,T"]
[Result "0-1"]
[WhiteElo "2119"]
[BlackElo "2157"]

1.d4 Nf6 2.c4 e6 3.Nf3 b6 4.g3 Ba6 5.Qa4 Be7 6.Bg2 O-O 7.O-O d5 8.Ne5 c6
9.cxd5 cxd5 10.Nc3 b5 11.Nxb5 Qe8 12.Nc3 Qxa4 13.Nxa4 Bxe2 14.Re1 Bb5 15.Nc3 Ba6
16.f4 Nbd7 17.Nxd7 Nxd7 18.Nxd5 Bd6 19.Nc3 Rac8 20.Bd2 Nb6 21.Ne4 Be7 22.Rac1 Nc4
23.Bc3 Nb6 24.Nd2 Bf6 25.Ne4 Be7 26.Nf2 Rfd8 27.Ng4 Rc7 28.Rcd1 Rdc8 29.d5 exd5
30.Bxd5 Bc5+ 31.Nf2 Nxd5 32.Rxd5 Bc4 33.Rg5 g6 34.Ba5 Rc6 35.b3 f6 36.Rg4 Be6
37.Rh4 f5 38.Re2 Bd4 39.Kf1 Bf6 40.Rh3 h5 41.g4 fxg4 42.Rhe3 Bf5 43.Bb4 Rc1+
44.Re1 Rxe1+ 45.Bxe1 Rc1 46.Nd3 Bxd3+ 47.Rxd3 Bh4 48.Re3 Rxe1+ 49.Rxe1 Bxe1
50.Kxe1 h4 51.Ke2 Kf7 52.Ke3 Ke6 53.Ke4 Kd6 54.a3 h3 55.Ke3 g3  0-1

[Event "6th Kolkata Open"]
[Site "Kolkata IND"]
[Date "2013.12.10"]
[Round "6.15"]
[White "Laxman,R"]
[Black "Prathamesh,S"]
[Result "1-0"]
[WhiteElo "2443"]
[BlackElo "2392"]

1.d4 Nf6 2.c4 e6 3.Nf3 b6 4.g3 Ba6 5.Nbd2 Bb4 6.Qc2 O-O 7.Bg2 d5 8.a3 Bxd2+
9.Nxd2 c5 10.dxc5 bxc5 11.b4 Nbd7 12.O-O Rc8 13.b5 Bb7 14.Bb2 Qc7 15.e3 Rfd8
16.Rfc1 Ne8 17.a4 Nd6 18.Qc3 f6 19.cxd5 exd5 20.Qd3 Nf7 21.Qf5 Nde5 22.f4 Nd7
23.e4 dxe4 24.Nxe4 c4 25.Bd4 Nf8 26.Bf2 Ba8 27.a5 Qb8 28.b6 axb6 29.axb6 Kh8
30.Qh5 Rd7 31.Nxf6 Bxg2 32.Nxd7 Nxd7 33.Qxf7 Bh3 34.Bd4 Rg8 35.Qh5 Be6 36.f5 Qd6
37.Rd1 Bd5 38.f6 gxf6 39.Bf2 Rg5 40.Qf7 Nxb6 41.Qe8+ Rg8  1-0

[Event "Pavlodar Open 2013"]
[Site "Pavlodar KAZ"]
[Date "2013.12.10"]
[Round "1.1"]
[White "Efanov,Mikhail"]
[Black "Zhigalko,A"]
[Result "0-1"]
[WhiteElo "2091"]
[BlackElo "2628"]

1.d4 Nf6 2.Nf3 e6 3.c4 b6 4.g3 Ba6 5.Qc2 Bb7 6.Bg2 c5 7.d5 exd5 8.cxd5 Nxd5
9.O-O Be7 10.Rd1 Qc8 11.e4 Nb4 12.Qe2 Ba6 13.Qd2 O-O 14.Nc3 Re8 15.Ne1 Bf8
16.Qg5 d6 17.Bf4 h6 18.Qf5 Re6 19.e5 N8c6 20.a3 dxe5 21.axb4 exf4 22.Qxf4 cxb4
23.Nd5 Bc5 24.Nd3 Nd4 25.Kh1 Bb7 26.N3xb4 a5 27.Nd3 Qd7 28.Ne5 Qxd5 29.Bxd5 Bxd5+
30.f3 f6 31.Rxd4 fxe5 32.Qg4 Bxd4  0-1

[Event "6th Kolkata Open"]
[Site "Kolkata IND"]
[Date "2013.12.12"]
[Round "8.7"]
[White "Laxman,R"]
[Black "Neverov,V"]
[Result "0-1"]
[WhiteElo "2443"]
[BlackElo "2514"]

1.d4 Nf6 2.c4 e6 3.Nf3 b6 4.g3 Ba6 5.Qb3 Nc6 6.Nbd2 Na5 7.Qc3 c5 8.dxc5 bxc5
9.e4 d6 10.a3 Bb7 11.b4 Nc6 12.b5 Nb8 13.Bd3 Nbd7 14.O-O g6 15.Bb2 Bg7 16.a4 O-O
17.Qc2 Ne8 18.Bxg7 Nxg7 19.a5 Rb8 20.a6 Ba8 21.e5 dxe5 22.Be4 Nf5 23.Bxa8 Rxa8
24.Qe4 Nd4 25.Nxd4 exd4 26.Nb3 Rc8 27.h4 Re8 28.Rfe1 f5 29.Qf3 Kg7 30.Na5 e5
31.Nc6 Qb6 32.h5 e4 33.Qf4 Qc7 34.Qg5 Ne5 35.Nxe5 Qxe5 36.Kg2 Qf6 37.Qd2 g5
38.b6 axb6 39.a7 f4 40.Ra6 e3 41.Qe2 Qc6+ 42.Qf3 Qxf3+ 43.Kxf3 d3 44.fxe3 d2
45.Rd1 fxe3 46.Ke2 Ra8 47.h6+ Kxh6 48.Rxb6+ Kg7 49.Rb7+ Kg6 50.g4 Re6 51.Ra1 Rd6
52.Re7 Kf6 53.Rxh7 Ke5 54.Re7+ Kf4 55.Rg1 Rd4 56.Rf7+ Ke5 57.Re7+ Kd6 58.Rxe3 Rxa7
59.Rd3 Rxd3 60.Kxd3 Ke5 61.Kxd2 Kd4 62.Kc2 Kxc4 63.Re1 Ra2+ 64.Kb1 Rd2 65.Kc1 Rd4
66.Rg1 Kc3 67.Rg2 Rf4 68.Rg3+ Kd4 69.Kd1 c4 70.Ke2 c3 71.Kd1 Kc4 72.Kc2 Rf2+
73.Kb1 Kb3  0-1

[Event "Moscow Cup Final 2013"]
[Site "Moscow RUS"]
[Date "2013.12.14"]
[Round "8.3"]
[White "Stegariu,V"]
[Black "Dvalishvili,P"]
[Result "1/2-1/2"]
[WhiteElo "2263"]
[BlackElo "2424"]

1.d4 Nf6 2.c4 e6 3.Nf3 b6 4.g3 Ba6 5.Qa4 Bb7 6.Bg2 c5 7.dxc5 Bxc5 8.O-O O-O
9.Nc3 Be7 10.Rd1 d6 11.Bf4 a6 12.a3 Ne8 13.b4 Nd7 14.Qb3 Qc7 15.Rac1 Nef6
16.Na4 Nh5 17.Be3 Rfc8 18.Nd4 Bxg2 19.Kxg2 Nhf6 20.f3 Qb7 21.b5 Ne5 22.Nxe6 fxe6
23.Nxb6 Kf7 24.Nxa8 Qxa8 25.a4 Nfd7  1/2-1/2

[Event "St Petersburg Blitz Prelim 2013"]
[Site "St Petersburg RUS"]
[Date "2013.12.22"]
[Round "7.5"]
[White "Sysolyatin,E"]
[Black "Pershin,Denis"]
[Result "0-1"]
[WhiteElo "2289"]
[BlackElo "2176"]

1.d4 Nf6 2.Nf3 e6 3.c4 b6 4.g3 Ba6 5.Nbd2 c5 6.Bg2 Nc6 7.dxc5 bxc5 8.O-O Be7
9.Qa4 Qc8 10.Rd1 Rb8 11.Qc2 Nb4 12.Qc3 d5 13.e3 O-O 14.a3 Nc6 15.b3 Rd8 16.Bb2 Qb7
17.Qc2 dxc4 18.Ne5 cxb3 19.Qc1 Nd5 20.Ndc4 Bf6 21.e4 Nde7 22.Nxc6 Rxd1+ 23.Qxd1 Nxc6
24.e5 Bxc4 25.exf6 g6 26.Qc1  0-1

[Event "Chinese Teams 2013"]
[Site "Tianjin CHN"]
[Date "2013.12.24"]
[Round "22.4"]
[White "Shen Yang"]
[Black "Dzagnidze,N"]
[Result "0-1"]
[WhiteElo "2421"]
[BlackElo "2557"]

1.d4 Nf6 2.c4 e6 3.Nf3 b6 4.g3 Ba6 5.Qa4 Bb7 6.Bg2 c5 7.dxc5 bxc5 8.O-O Be7
9.Nc3 O-O 10.Rd1 Qb6 11.Bf4 d6 12.Rd2 Rd8 13.h3 Nc6 14.Qb3 Na5 15.Qxb6 axb6
16.Rc2 Nxc4 17.Nb5 Na5 18.Rd1 Nd5 19.Bd2 Nc6 20.a3 Ba6 21.Nc3 Bc4 22.Re1 Bb3
23.Rcc1 Bf6 24.Nxd5 exd5 25.Bg5 Bxg5 26.Nxg5 Rac8 27.e3 Ne7 28.Rc3 Ba4 29.Nf3 Kf8
30.Rec1 Bd7 31.Ne1 Bf5 32.Rd1 Be4 33.Nd3 g5 34.Nc1 b5 35.Ne2 Rb8 36.b4 d4
37.exd4 Bxg2 38.Kxg2 cxb4 39.axb4 Nd5 40.Rb3 Rdc8 41.Rdd3 Rc4 42.Nc3 Nxc3
43.Rdxc3 Rxd4 44.Rc7 Re8 45.Rb7 Rd5 46.Ra3 h5 47.Ra5 Ree5 48.g4 hxg4 49.hxg4 Rd4
50.Rbxb5 Rxg4+ 51.Kf1 Rge4 52.Rb7 Kg7 53.Ra2 d5 54.Rb2 d4 55.Rd7 Rb5 56.Ra7 Kg6
57.Ra5 Rb7 58.Rd5 g4 59.b5 f5 60.Re2 Rf4 61.Rd2 Kg5 62.Kg2 Rb6 63.Rd3 Re4
64.Rd2 Rf4 65.Rd3 Re4 66.Rd2 Kf6 67.f3 gxf3+ 68.Kxf3 Re3+ 69.Kf4 Re4+ 70.Kf3 Re5
71.R2xd4 Rxb5 72.Rxe5 Kxe5 73.Rd3 Rb4 74.Ra3 Rh4 75.Ra5+ Kf6 76.Ra8 Rh3+
77.Kf4 Rh4+ 78.Kf3 Rh3+ 79.Kf4 Rh4+  0-1

[Event "PanAm Intercollegiate 2013"]
[Site "Lubbock USA"]
[Date "2013.12.28"]
[Round "2.2"]
[White "Steingrimsson,H"]
[Black "Neimer,V"]
[Result "1/2-1/2"]
[WhiteElo "2544"]
[BlackElo "2368"]

1.d4 Nf6 2.c4 e6 3.Nf3 b6 4.g3 Ba6 5.Qa4 c5 6.Bg2 Bb7 7.dxc5 bxc5 8.O-O Be7
9.Nc3 O-O 10.Rd1 Qb6 11.Bf4 d6 12.Rab1 Bc6 13.Qc2 Rd8 14.e4 Qb7 15.Re1 h6
16.Rbd1 Na6 17.Qe2 Nh5 18.Bc1 Nf6 19.Nh4 Ne8 20.Qh5 Nf6  1/2-1/2

[Event "Cracovia Open A 2013-14"]
[Site "Krakow POL"]
[Date "2013.12.31"]
[Round "6.17"]
[White "Paprocki,J"]
[Black "Klekowski,M"]
[Result "1-0"]
[WhiteElo "2199"]
[BlackElo "2402"]

1.d4 Nf6 2.c4 e6 3.Nf3 b6 4.g3 Ba6 5.Nbd2 d5 6.cxd5 exd5 7.Bg2 Bd6 8.O-O O-O
9.Ne5 Re8 10.Nd3 Qe7 11.Bf3 Nbd7 12.Qa4 Bb7 13.e3 Qe6 14.Bg2 a5 15.Nf3 Ba6
16.Rd1 h6 17.Qc2 Rac8 18.Bd2 Qf5 19.Bc3 c6 20.Nh4 Qe6 21.Bf1 g5 22.Nf4 Bxf4
23.Bxa6 Ra8 24.exf4 gxh4 25.Re1 Qd6 26.Bd3 Rxe1+ 27.Rxe1 Re8 28.Re5 Qc7 29.Rxe8+ Nxe8
30.Bd2 Qd6 31.Qd1 hxg3 32.Qg4+ Kf8 33.hxg3 Nef6 34.Qe2 Qe7 35.Be3 h5 36.f5 Ng4
37.Bd2 Qf6 38.Bc3 Qg7 39.Kg2 Ngf6 40.Ba6 h4 41.Qf3 hxg3 42.fxg3 Qg5 43.Bb7 Ng4
44.Bxc6 Ndf6 45.Qf4 Qh5 46.Kf1 Qh1+ 47.Ke2 Qg2+ 48.Ke1 Nh2 49.Bb5 Ne4 50.Kd1 Ng4
51.Be2 Qg1+ 52.Kc2 Ngf6 53.g4 Nxc3 54.bxc3 Qa1 55.Qd6+ Kg7 56.Qxb6 Ne4 57.Qxa5 Qe1
58.Ba6 Qd2+ 59.Kb3 Qc1 60.Qb4 Qd1+ 61.Kb2 Qd2+ 62.Kb3 Qd1+ 63.Ka3 Qxg4 64.Bc8 Qd1
65.Qb3 Qe1 66.Kb4 Qg3 67.Bb7 Qd6+ 68.Ka5 Qc7+ 69.Ka6 Nxc3 70.a4 f6 71.a5 Kh6
72.Qb6 Qc4+ 73.Ka7 Kg5 74.Qc5 Qb3 75.Bc6 Kxf5 76.a6 Ke4 77.Ka8 f5 78.a7 f4
79.Bb7 Nb5 80.Qb6 Qc4 81.Ba6 Nc7+ 82.Kb7 Qa4 83.Kxc7 Qe8 84.Bc8  1-0